Séries - Statistiques

Statistiques générales
  • Ce quiz a été pris 262 fois
  • Le résultat moyen est 9 sur 16
Statistiques - réponses
Par images Réponse % Correct
la casa de papel
95%
Prison break
91%
Stranger Things
91%
Lucifer
88%
Grey's anatomy
82%
The 100
77%
Good doctor
72%
The walking dead
70%
Merlin
51%
Docteur Who
42%
911
37%
Shameless
36%
Shadowhunters
33%
les chroniques de Bridgerton
32%
Supernatural
30%
911 lone star
8%
Aucun quiz correspondant
Distribution des résultats
% des personnes avec chaque résultat
Percentile par nombre de réponses
Votre historique - résultats
Vous n’avez pas pris ce quiz